[Event "Copenhagen"]
[Site "Copenhagen"]
[Date "1983.??.??"]
[Round "1"]
[White "Lawton, Geoffrey W"]
[Black "Rosenlund, Thorbjorn"]
[Result "1-0"]
[WhiteElo "2380"]
[BlackElo "2265"]

1.e4 g6 2.d4 Bg7 3.Nc3 d6 4.Nf3 a6 5.a4 b6 6.Be2 Bb7 7.O-O Nd7 8.Re1 e6 9.Bg5 Ne7
10.Qd2 h6 11.Be3 Nf6 12.Bd3 d5 13.exd5 Nexd5 14.Nxd5 Nxd5 15.Be4 Ra7 16.a5 b5
17.Ne5 Qh4 18.Bf3 Bxe5 19.dxe5 Nxe3 20.Rxe3 Bxf3 21.Rxf3 O-O 22.Rd1 Raa8
23.Rd3 Kg7 24.Rd4 Qe7 25.b4 Rac8 26.Rd7 Qg5 27.f4 Qf5 28.Qf2 Qe4 29.R1d4 Qf5
30.h3 h5 31.Rd3 Qe4 32.R7d4 Qf5 33.Qf3 h4 34.Qc6 Ra8 35.Rd7 Qxf4 36.Qxe6 Rae8
37.Qf6+ Qxf6 38.exf6+ Kxf6 39.Rxc7 Re2 40.c3 Re6 41.Rc5 Rfe8 42.Rf3+ Kg7
43.Rf4 Re5 44.Rxe5 Rxe5 45.Rxh4 Re1+ 46.Kf2 Rc1 47.c4 bxc4 48.Ke3 Kf6 49.Kd4 c3
50.Kd3 Ke5 51.Rc4 Rg1 52.Rg4 Rc1 53.Rg3 Kd5 54.Rg5+ Kd6 55.Rg3 Kd5 56.Rf3 f5
57.Rg3 c2 58.Rxg6 Rb1 59.Kxc2 Rxb4 60.Rxa6 Ra4 61.Kb3 Ra1 62.Kb2 Ra4 63.Ra8 Kc6
64.a6 Kb6 65.Rg8 f4 66.Rg6+ Ka7 67.Kc2 Ra3 68.h4 f3 69.gxf3 Rxf3 70.h5 Rh3
71.h6 Rh5 72.Kd3 Rh4 73.Ke3 Ra4 74.Kf3  1-0

[Event "Copenhagen"]
[Site "Copenhagen"]
[Date "1983.??.??"]
[Round "8"]
[White "Mortensen, Erling"]
[Black "Rosenlund, Thorbjorn"]
[Result "1-0"]
[WhiteElo "2435"]
[BlackElo "2265"]

1.e4 g6 2.d4 Bg7 3.Nc3 d6 4.f4 Nf6 5.Nf3 O-O 6.Be2 Na6 7.e5 Ne8 8.Be3 Bf5
9.O-O Nb4 10.Rc1 e6 11.h3 Nd5 12.Nxd5 exd5 13.c4 dxc4 14.Bxc4 d5 15.Be2 c6
16.g4 Be4 17.Ng5 f5 18.Nxe4 fxe4 19.f5 gxf5 20.gxf5 Qd7 21.Bg4 h5 22.Bxh5 Rxf5
23.Qg4 Rxf1+ 24.Rxf1 Qxg4+ 25.hxg4 Nc7 26.Bf7+ Kh8 27.Kg2 Bf8 28.Bg5 Ne8
29.e6 Bd6 30.Rh1+ Kg7 31.Bh6+ Kf6 32.Rf1+ Ke7 33.Bg5+ Kf8 34.Bxe8+ Kxe8 35.Rh1 Bf8
36.Rh8 b6 37.Bf6 c5 38.g5  1-0

[Event "Frunze"]
[Site "Frunze"]
[Date "1983.??.??"]
[Round "?"]
[White "Dvorietzky, Mark I"]
[Black "Rakic, Tomislav"]
[Result "1/2-1/2"]
[WhiteElo "2480"]
[BlackElo "2440"]

1.e4 g6 2.d4 Bg7 3.Nc3 d6 4.f4 Nf6 5.Nf3 O-O 6.Bd3 Nc6 7.O-O Bg4 8.e5 dxe5
9.dxe5 Nd5 10.h3 Bf5 11.Bxf5 Nxc3 12.bxc3 gxf5 13.Be3 f6 14.Qe2 Qd5  1/2-1/2

[Event "Frunze"]
[Site "Frunze"]
[Date "1983.??.??"]
[Round "?"]
[White "Rakic, Tomislav"]
[Black "Yurtaev, Leonid"]
[Result "1/2-1/2"]
[WhiteElo "2440"]
[BlackElo "2360"]

1.d4 g6 2.e4 Bg7 3.Nc3 d6 4.f4 Nf6 5.Nf3 c5 6.Bb5+ Bd7 7.e5 Ng4 8.e6 Bxb5
9.exf7+ Kd7 10.Nxb5 Qa5+ 11.Nc3 cxd4 12.Nxd4 Bxd4 13.Qxg4+ Qf5 14.Qxf5+ gxf5
15.Ne2 Bb6 16.Ng3 e6 17.Bd2 Nc6 18.Nh5 Ke7 19.Bc3 Rhf8 20.O-O-O Rxf7 21.Rhe1 Rg8
22.Re2 Rg6 23.h3 Ba5 24.Bxa5 Nxa5 25.b3 b5 26.Rg1 Nc6 27.c3 b4 28.Kb2 Kd7
29.g4 fxg4 30.hxg4 bxc3+ 31.Kxc3 Ne7 32.Re4 a5 33.Kb2 d5 34.Re2 Nc6 35.Rd2 Kd6
36.a3 h6 37.Rdg2 Rg8 38.Rd2 Rb8 39.Rh1 e5 40.Ng3 Rxf4 41.Rxh6+ Kc5 42.Rc2+ Rc4
43.Ne4+ Kd4 44.Nc3 a4 45.Ne2+ Kc5 46.Rxc4+  1/2-1/2

[Event "Gausdal Jubilee"]
[Site "Gausdal"]
[Date "1983.??.??"]
[Round "5"]
[White "Westerinen, Heikki MJ"]
[Black "Cramling, Dan"]
[Result "1/2-1/2"]
[WhiteElo "2355"]
[BlackElo "2415"]

1.e4 g6 2.d4 Bg7 3.Nc3 d6 4.Be3 Nf6 5.h3 O-O 6.g4 c5 7.d5 Na6 8.Bg2 Nc7 9.a4 a6
10.Nge2 Rb8 11.a5 Nb5 12.O-O Nd7 13.Qd2 Nxc3 14.Nxc3 f5 15.exf5 gxf5 16.Bh6 Ne5
17.Bxg7 Kxg7 18.f4 Nc4 19.Qe2 Nxa5 20.Rxa5 Qxa5 21.Qxe7+ Rf7 22.Qxd6 Qc7
23.Qe5+ Qxe5 24.fxe5 fxg4 25.Re1 gxh3 26.e6 hxg2 27.exf7 Kxf7 28.d6 Bf5 29.Re7+ Kg6
30.Nd5 Rd8 31.Rxb7 Rxd6 32.Ne7+ Kg5 33.Nxf5 Kxf5 34.Rxh7 Kf4 35.Rh3 Rd1+
36.Kxg2 Rd2+ 37.Kf1 Rxc2 38.b3 Ke4 39.Ke1 Kd4 40.Kd1 Ra2 41.Kc1 Re2 42.Rh4+  1/2-1/2

[Event "Gausdal Jubilee"]
[Site "Gausdal"]
[Date "1983.??.??"]
[Round "7"]
[White "Westerinen, Heikki MJ"]
[Black "Agdestein, Simen"]
[Result "1/2-1/2"]
[WhiteElo "2355"]
[BlackElo "2380"]

1.e4 g6 2.d4 Bg7 3.Nc3 d6 4.Be3 Nd7 5.f4 b6 6.Nf3 Bb7 7.Bc4 Nh6 8.h3 Nf6
9.d5 c6 10.g4 cxd5 11.exd5 Rc8 12.Bb5+ Nd7 13.Nd4 O-O 14.O-O e6 15.Nc6 Bxc6
16.dxc6 Nb8 17.f5 Qh4 18.Qf3 d5 19.f6 Bxf6  1/2-1/2

[Event "Bundesliga 8283"]
[Site "Germany"]
[Date "1983.??.??"]
[Round "?"]
[White "Cladouras, Panagiotis"]
[Black "Werner, Dimo"]
[Result "1/2-1/2"]
[WhiteElo "2275"]
[BlackElo "2340"]

1.e4 g6 2.d4 Bg7 3.Nc3 d6 4.Nf3 Nf6 5.Be2 O-O 6.O-O c6 7.a4 Qc7 8.Re1 e5
9.Bg5 h6 10.dxe5 hxg5 11.exf6 Bxf6 12.e5 dxe5 13.Ne4 Bg7 14.Nfxg5 Nd7 15.a5 Nf6
16.Bc4 Nxe4 17.Nxe4 Bf5 18.Ng3 Rad8 19.Qe2 Bc8 20.c3 Qe7 21.Qe3 a6 22.Ra4 Kh7
23.Ne4  1/2-1/2

[Event "Bundesliga 8283"]
[Site "Germany"]
[Date "1983.??.??"]
[Round "?"]
[White "Vogel, Robert"]
[Black "Ditt, Egon"]
[Result "0-1"]
[WhiteElo "2245"]
[BlackElo "2300"]

1.d4 g6 2.e4 Bg7 3.Nc3 d6 4.f4 Nf6 5.e5 dxe5 6.dxe5 Qxd1+ 7.Kxd1 Bg4+ 8.Ke1 Nfd7
9.Nd5 Kd8 10.Ne3 Be6 11.Nf3 f6 12.Bc4 Bxc4 13.Nxc4 Nc6 14.Be3 fxe5 15.Ng5 Kc8
16.Ne6 Bf6 17.fxe5 Ndxe5 18.Nxe5 Bxe5 19.Rf1 b6 20.Rd1 Bd6 21.h3 Kd7 22.Ng5 h5
23.Nf7 Rhg8 24.Ke2 Rae8 25.c3 Nd8 26.Bh6 Ne6 27.Rd5 Kc6 28.c4 a6 29.Kd3 Nc5+
30.Kc2 e6 31.Rdd1 e5 32.b4 Ne6 33.b5+ axb5 34.cxb5+ Kc5 35.Be3+ Nd4+ 36.Kc3 Ra8
37.Nxd6 Ra3+ 38.Kd2 cxd6 39.Bxd4+ exd4 40.Rc1+ Kd5 41.Rc2 Rga8 42.Rf6 Rg3
43.Rf2 Ra5 44.Rb2 Kc4 45.Kc1 Rxb5 46.Rbc2+ Kd5 47.Kd2 d3 48.Rc3 Rb2+ 49.Ke1 Re3+  0-1

[Event "Bundesliga 8283"]
[Site "Germany"]
[Date "1983.??.??"]
[Round "?"]
[White "Hess, Christian"]
[Black "Ditt, Egon"]
[Result "1/2-1/2"]
[WhiteElo "2230"]
[BlackElo "2300"]

1.d4 g6 2.e4 Bg7 3.Nc3 d6 4.Nge2 Nd7 5.g3 e5 6.Bg2 Ne7 7.O-O O-O 8.Be3 Nc6
9.f4 Nb6 10.b3 Bg4 11.Qd2 exd4 12.Nxd4 Qf6 13.Nxc6 Qxc3 14.Qxc3 Bxc3 15.Bd4 Bxd4+  1/2-1/2

[Event "Hamar op"]
[Site "Hamar"]
[Date "1983.??.??"]
[Round "8"]
[White "Jansson, Joran"]
[Black "Trois, Francisco RT"]
[Result "1-0"]
[WhiteElo "2200"]
[BlackElo "2395"]

1.e4 g6 2.d4 Bg7 3.Nc3 d6 4.Bc4 Nf6 5.Qe2 c6 6.e5 dxe5 7.dxe5 Nd5 8.Bd2 Be6
9.Nf3 Nd7 10.O-O-O Qc7 11.Rhe1 N7b6 12.Bxd5 cxd5 13.Nb5 Qd7 14.Nfd4 Nc4 15.Bc3 a6
16.Nxe6 Bh6+ 17.Kb1 axb5 18.Nc5 Qc6 19.e6 f6 20.Nd3 Na3+ 21.Ka1 d4 22.Nb4 dxc3
23.Nxc6 cxb2+ 24.Kxb2 Nc4+ 25.Ka1 bxc6 26.Rd4 O-O 27.Rxc4 bxc4 28.Qxc4 Rfd8
29.f4 f5 30.Kb1 Rab8+ 31.Kc1 Bg7 32.c3 Rd5 33.Re2 Rdb5 34.Rc2 Bf6 35.Qxc6 g5
36.g3 Rb1+ 37.Kd2 Rd8+ 38.Ke2 Kg7 39.Qc5 Rh1 40.Kf3 g4+ 41.Kg2 Rdd1 42.Qxf5 h5
43.Qxh5 Rhg1+ 44.Kf2 Rgf1+ 45.Ke3 Rde1+ 46.Kd3 Rxe6 47.Qxg4+ Kf7 48.f5 Re5
49.Qg6+ Kf8 50.Rd2 Rc1 51.Rb2 Rd1+ 52.Kc2 Rd8 53.Rb6  1-0

[Event "Poutiainen mem"]
[Site "Helsinki"]
[Date "1983.??.??"]
[Round "?"]
[White "Maki, Veijo"]
[Black "Karlsson, Lars"]
[Result "1-0"]
[WhiteElo "2370"]
[BlackElo "2505"]

1.e4 g6 2.d4 Bg7 3.Nc3 d6 4.f4 c6 5.Nf3 Bg4 6.Be3 Qb6 7.Qd2 Bxf3 8.gxf3 e6
9.O-O-O Qa5 10.f5 gxf5 11.Rg1 Bf6 12.exf5 exf5 13.Re1 Kd7 14.Bh3 Na6 15.Bg5 h6
16.Bxf6 Nxf6 17.Rg7 Raf8 18.Qe3 Re8 19.Rxf7+ Kc8 20.Qd2 Nd5 21.Rxf5 Kb8 22.a3 b5
23.Rxe8+ Rxe8 24.Ne4 b4 25.Nxd6 Rg8 26.Bg4 Qa4 27.Qd3 bxa3 28.bxa3 Rd8 29.Nf7 Re8
30.Ne5 c5 31.Rf7 c4 32.Nxc4 Nab4 33.Qb3 Re1+ 34.Kb2 Qxb3+ 35.Kxb3 Rb1+ 36.Nb2 Nc6
37.c3 Rc1 38.Na4 Na5+ 39.Kb2 Rh1 40.Rf8+ Kc7 41.Kc2 Rxh2+ 42.Kd3 Ra2 43.Be6 Rxa3
44.Bxd5 Rxa4 45.Rf6 h5 46.Ra6 h4 47.f4 h3 48.f5 Kd8 49.Rxa7 Nc4 50.Rh7 Nb6
51.Be6 Ra1 52.Rxh3 Ke7 53.Rh7+ Kf6 54.Rf7+ Kg5 55.Rb7 Na4 56.Rb4 Kf6 57.Kc2  1-0

[Event "SVK-ch"]
[Site "Nova Bana"]
[Date "1983.??.??"]
[Round "3"]
[White "Petrik, Stanislav"]
[Black "Petran, Peter"]
[Result "0-1"]
[WhiteElo "2200"]
[BlackElo "2295"]

1.e4 g6 2.d4 Bg7 3.Nc3 d6 4.Be3 c6 5.Qd2 b5 6.Bd3 Nd7 7.Nge2 e5 8.f4 Ngf6
9.O-O Ng4 10.dxe5 Nxe3 11.Qxe3 dxe5 12.Kh1 exf4 13.Qxf4 Ne5 14.Rad1 Qe7 15.Nd4 O-O
16.Nb3 a5 17.Qe3 a4 18.Nc5 a3 19.Nb1 axb2 20.a3 Ng4 21.Qg1 Nxh2 22.Qxh2 Qxc5
23.Qh4 Be6 24.Rf3 h5 25.Rdf1 Ra7 26.e5 Qxe5 27.Re1 Qd6 28.Rg3 Ra4 29.Qg5 Rg4
30.Rxg4 Bxg4 31.Qe3 Bd4 32.Qd2 Qg3  0-1

[Event "SVK-ch"]
[Site "Nova Bana"]
[Date "1983.??.??"]
[Round "12"]
[White "Privara, Igor"]
[Black "Brestak, Jan"]
[Result "1-0"]
[WhiteElo "2255"]
[BlackElo "2200"]

1.e4 g6 2.d4 Bg7 3.Nc3 d6 4.f4 c5 5.dxc5 dxc5 6.Qxd8+ Kxd8 7.Be3 Nd7 8.O-O-O Kc7
9.Nf3 Bxc3 10.bxc3 Ngf6 11.e5 Ng4 12.Bg1 b6 13.Ng5 f6 14.Ne6+ Kb8 15.h3 Nh6
16.Bb5 Nxe5 17.fxe5 Bxe6 18.exf6 exf6 19.Ba6 Nf7 20.Bh2+ Ne5 21.Rhe1 Kc7
22.Rxe5 fxe5 23.Bxe5+ Kc6 24.Rd6+ Kc7 25.Rxe6+ Kd7 26.Rd6+ Ke7 27.Rc6 Rhf8
28.Bg3 Rad8 29.Bb5 Rd7 30.Bh4+  1-0

[Event "Nordic-tt"]
[Site "Oslo"]
[Date "1983.??.??"]
[Round "?"]
[White "Hoiberg, Nina"]
[Black "Szmacinska, Grazyna"]
[Result "1-0"]
[WhiteElo "2100"]
[BlackElo "2095"]

1.e4 g6 2.d4 Bg7 3.Nc3 d6 4.Be3 Nf6 5.Be2 O-O 6.Qd2 c6 7.f4 b5 8.Bf3 b4 9.Nd1 a5
10.Nf2 Na6 11.Ne2 Nd7 12.f5 c5 13.Bh6 Bb7 14.Ng4 cxd4 15.Bxg7 Kxg7 16.Qxd4+ f6
17.Qe3 g5 18.h4 h5 19.hxg5 Rh8 20.Nh6 Nac5 21.Rxh5 Ne5 22.Nf4 Qd7 23.Rd1 Rac8
24.Rh3 fxg5 25.Nh5+ Kf8 26.Qxg5 Ke8 27.Qg7 Rf8 28.Rg3 Nxf3+ 29.gxf3 Qb5 30.Qxf8+ Kd7
31.Nf6+ Kc6 32.Qxe7  1-0

[Event "Nordic-tt"]
[Site "Oslo"]
[Date "1983.??.??"]
[Round "?"]
[White "Dahl, Ingrid"]
[Black "Szmacinska, Grazyna"]
[Result "0-1"]
[WhiteElo "1905"]
[BlackElo "2095"]

1.e4 g6 2.d4 Bg7 3.Nc3 d6 4.f4 Nc6 5.Be3 Nf6 6.Be2 O-O 7.Nf3 a6 8.O-O b5
9.a3 d5 10.e5 Ng4 11.Bf2 Na5 12.Nd2 Nxf2 13.Rxf2 e6 14.Bd3 f5 15.b4 Nc4 16.Be2 c6
17.a4 Bd7 18.a5 g5 19.Bxc4 dxc4 20.Qf3 Qe7 21.Rb1 Bh6 22.fxg5 Qxg5 23.Nf1 Rf7
24.Ne2 Kh8 25.Nf4 Rg8 26.c3 Qh4 27.Qh5 Qxh5 28.Nxh5 Rg6 29.Rbb2 Rg5 30.Nf4 Rg4
31.Ne2 Kg8 32.Kh1 Kf8 33.Ng1 Rfg7 34.Nf3 Be8 35.h3 Re4 36.Rbe2 Rxe2 37.Rxe2 Bh5
38.Rf2 Ke7 39.Re2 Bf4 40.Rf2 Kd7 41.Rc2 Rg8 42.N1d2 Ke7 43.Kg1 Bg3 44.Kf1 h6
45.Ke2 Bg6 46.Ra2 f4 47.Ne1 Bf5 48.Ndf3 Be4 49.Kf1 Bxe1 50.Nxe1 Rg3 51.Ra3 Kf7
52.Kf2 Kg6 53.Nf3 Bxf3 54.gxf3 Rxh3 55.Kg2 Rg3+ 56.Kf2 Kg5 57.Ra1 Kh4 58.Re1 h5
59.Rd1 Kg5 60.Rh1 h4 61.Rh2 h3 62.Ke2 Kh5 63.Rf2 Rg1 64.Rh2 Kh4 65.Rf2 Kg3  0-1

[Event "BUL-ch"]
[Site "Pernik"]
[Date "1983.??.??"]
[Round "9"]
[White "Inkiov, Ventzislav"]
[Black "Grigorov, Jordan N"]
[Result "1-0"]
[WhiteElo "2500"]
[BlackElo "2380"]

1.d4 d6 2.e4 g6 3.Nc3 Bg7 4.f4 Nc6 5.Be3 Nf6 6.Nf3 O-O 7.Be2 e6 8.Qd2 b6
9.O-O-O Bb7 10.Rhf1 Ne7 11.Bd3 c5 12.dxc5 dxc5 13.Qe2 Qc8 14.Nd2 a6 15.e5 Nfd5
16.Nce4 Qc7 17.g4 Nxe3 18.Qxe3 Bxe4 19.Bxe4 Nd5 20.Bxd5 exd5 21.Nf3 d4 22.Qe4 Rae8
23.h4 f5 24.gxf5 Rxf5 25.Ng5 Qd7 26.Qf3 b5 27.Qb3+ c4 28.Qh3 Ref8 29.h5 gxh5
30.Ne4 Qe6 31.Rg1 Kh8 32.Ng5 Qh6 33.e6 Qf6 34.Qxh5 h6 35.Nf7+ Rxf7 36.Qxf7 Qxf7
37.exf7 Rxf7 38.Rdf1 Kh7 39.f5 Bf6 40.Kd1 Bg5 41.Rg4 d3 42.Rd4 d2 43.Rd6 a5
44.Rb6 b4 45.Rc6 Kg7 46.Rxc4 Kf6 47.Rc6+ Ke5 48.Rc5+  1-0

[Event "EU-chT Plovdiv"]
[Site "Plovdiv"]
[Date "1983.??.??"]
[Round "3"]
[White "Georgiev, Krum"]
[Black "Keene, Raymond D"]
[Result "1-0"]
[WhiteElo "2440"]
[BlackElo "2490"]

1.e4 g6 2.d4 Bg7 3.Nc3 d6 4.Be3 a6 5.h4 Nf6 6.f3 Nbd7 7.g4 h5 8.g5 Nh7 9.Qd2 b5
10.Nge2 Bb7 11.Ng3 c5 12.O-O-O O-O 13.dxc5 Nxc5 14.Bd4 Bxd4 15.Qxd4 Qc7 16.Kb1 Rab8
17.Rg1 e5 18.Qxd6 Qxd6 19.Rxd6 Rfd8 20.Rxd8+ Rxd8 21.Bh3 Nf8 22.Rd1 Rxd1+
23.Nxd1 Nce6 24.Ne2 f6 25.gxf6 Kf7 26.Ne3 Kxf6 27.Kc1 g5 28.Ng2 g4 29.fxg4 hxg4
30.Bxg4 Bxe4 31.Ne3 Nf4 32.Ng3 Bb7 33.Bf5 N8g6 34.Ng4+ Kf7 35.Bxg6+ Nxg6
36.h5 Nf4 37.Nxe5+ Kf6 38.Nd7+ Kg5 39.Nc5 Bg2 40.Kd2 a5 41.a3 b4 42.axb4 axb4
43.Nd3 Nd5 44.h6 Kg6 45.Ne2  1-0

[Event "EU-chT Plovdiv"]
[Site "Plovdiv"]
[Date "1983.??.??"]
[Round "5"]
[White "Lau, Ralf"]
[Black "Keene, Raymond D"]
[Result "1/2-1/2"]
[WhiteElo "2395"]
[BlackElo "2490"]

1.e4 g6 2.d4 Bg7 3.Nc3 d6 4.f4 Nc6 5.Be3 Nf6 6.Nf3 O-O 7.Qd2 e5 8.dxe5 dxe5
9.Qxd8 Rxd8 10.fxe5 Ng4 11.Bg5 Rd7 12.Nd5 Ncxe5 13.Be2 Nxf3+ 14.gxf3 h6 15.Bh4 g5
16.Bg3 Ne5 17.O-O-O  1/2-1/2

[Event "EU-chT Plovdiv"]
[Site "Plovdiv"]
[Date "1983.??.??"]
[Round "7"]
[White "Velikov, Petar"]
[Black "Bischoff, Klaus"]
[Result "1/2-1/2"]
[WhiteElo "2475"]
[BlackElo "2445"]

1.d4 g6 2.e4 Bg7 3.Nc3 d6 4.Nf3 c6 5.a4 Nf6 6.h3 O-O 7.Be3 Nbd7 8.Be2 e5
9.dxe5 dxe5 10.Nd2 Qe7 11.Nc4 Ne8 12.O-O Nc5 13.Nd6 Nxd6 14.Bxc5 Rd8 15.a5 Be6
16.Qd3 Qh4 17.Qf3  1/2-1/2

[Event "Ravenna-J"]
[Site "Ravenna"]
[Date "1983.??.??"]
[Round "?"]
[White "Utasi, Tamas"]
[Black "Poor, Istvan"]
[Result "1-0"]
[WhiteElo "2345"]
[BlackElo "2260"]

1.e4 g6 2.d4 Bg7 3.Nc3 d6 4.Be2 Nc6 5.Be3 Nf6 6.g4 O-O 7.g5 Ne8 8.h4 e5 9.dxe5 Nxe5
10.f4 Nc6 11.Qd2 Be6 12.h5 Qd7 13.Nf3 a6 14.Nd4 Nxd4 15.Bxd4 Bxd4 16.Qxd4 c5
17.Qd2 b5 18.O-O-O b4 19.Nd5 Bxd5 20.Qxd5 Nc7 21.Qxd6 Qxd6 22.Rxd6 Ne6 23.hxg6 hxg6
24.f5 gxf5 25.exf5 Rfd8 26.Rxd8+ Nxd8 27.Bc4 Nc6 28.Bd5 Rc8 29.g6  1-0

[Event "Kamen Piskov mem 3"]
[Site "Ruse"]
[Date "1983.??.??"]
[Round "13"]
[White "Kovacevic, Slobodan"]
[Black "Bitman, Alexander R"]
[Result "0-1"]
[WhiteElo "2320"]
[BlackElo "2370"]

1.d4 g6 2.e4 Bg7 3.Nc3 d6 4.Nge2 Nc6 5.d5 Nb8 6.Bg5 c6 7.Qd2 Nd7 8.Nd4 Qb6
9.Nb3 Ngf6 10.Be2 O-O 11.Be3 Qc7 12.Bh6 Bxh6 13.Qxh6 Qb6 14.O-O a5 15.a4 Ne5
16.h3 Bd7 17.Qc1 Rfc8 18.Re1 Rc7 19.Ra3 Rac8 20.Na1 cxd5 21.Nxd5 Nxd5 22.exd5 Bf5
23.Rb3 Qd4 24.c4 Nxc4 25.Rc3 Qxd5 26.b3 Ne3 27.Qxe3 Rxc3 28.Qxe7 Qe5 29.Bc4 Qxe7
30.Rxe7 Rc1+ 31.Kh2 Rxa1 32.Bxf7+ Kf8 33.Rxb7 Re1 34.Bd5 Re7 35.Rb6 Rc2 36.f3 Rd2
37.Bc4 d5 38.Bf1 Bd3 39.Bxd3 Rxd3 40.Kg3 Rd7 41.Kf4 d4 42.Rb5 Re3 43.b4 axb4
44.Rxb4 Re2  0-1

[Event "BCF-ch"]
[Site "Southport"]
[Date "1983.??.??"]
[Round "8"]
[White "Howell, James C"]
[Black "Byway, Paul"]
[Result "1/2-1/2"]
[WhiteElo "2280"]
[BlackElo "2365"]

1.e4 g6 2.d4 Bg7 3.Nc3 d6 4.Be3 c6 5.Qd2 b5 6.O-O-O Qa5 7.Kb1 Be6 8.a3 Bc4
9.Bxc4 bxc4 10.h4 h5 11.f3 Nd7 12.g4 Rb8 13.Ka2 d5 14.gxh5 Rxh5 15.Nge2 e6
16.Bf4 Rb7 17.Bd6 Qb6 18.Rb1 c5 19.dxc5 Nxc5 20.Bxc5 Qxc5 21.exd5 exd5 22.Nf4 Rf5
23.Nfxd5 Qd4 24.Rhe1+ Kf8 25.Qxd4 Bxd4 26.Re4 Bxc3 27.Nxc3 Rc7 28.Rd1 Nf6
29.Rd8+ Kg7 30.Red4 Rxf3 31.Nb5 Rc5 32.Nxa7 c3 33.b4 Re5 34.Rd3 Rf4 35.Rxc3 Rxh4
36.Kb3 g5 37.b5 Nd5 38.Rd3 Nb6 39.R8d4 Ree4 40.Rxe4 Rxe4 41.Nc6 g4 42.Nd4 Kf6
43.a4 g3 44.c3 Rg4 45.Ne2 g2 46.Rd6+ Kg7 47.Rd4 g1=Q 48.Nxg1 Rxg1 49.c4 Rb1+
50.Kc2 Rb4 51.Kc3 Rxa4 52.c5 Ra3+ 53.Kb4 Ra4+ 54.Kc3 Ra3+ 55.Kb4 Ra4+ 56.Kc3 Ra3+
57.Kc2 Ra5 58.cxb6 Rxb5 59.Rd6 f6 60.Rd7+ Kg6 61.b7 f5 62.Kd3 Kg5 63.Kc4 Rb1
64.Kd5 Kg4 65.Kc6 f4 66.Rd1 Rxb7 67.Kxb7 f3 68.Rg1+ Kh3 69.Rg8 f2 70.Rh8+ Kg2
71.Rg8+ Kh2 72.Rf8 Kg2 73.Kc6 f1=Q 74.Rxf1 Kxf1  1/2-1/2

[Event "BCF-ch"]
[Site "Southport"]
[Date "1983.??.??"]
[Round "10"]
[White "Chandler, Murray G"]
[Black "Botterill, George Steven"]
[Result "1-0"]
[WhiteElo "2485"]
[BlackElo "2410"]

1.e4 d6 2.d4 g6 3.Nc3 Bg7 4.f4 Nf6 5.Nf3 O-O 6.Be3 b6 7.e5 Ng4 8.Bg1 c5 9.h3 Nh6
10.d5 Nd7 11.Bh2 Qc7 12.Qe2 a6 13.g4 b5 14.O-O-O Bb7 15.Kb1 Nb6 16.f5 Nc4
17.Qf2 Nxe5 18.Nxe5 dxe5 19.Ne4 Rfd8 20.c4 Kh8 21.f6 exf6 22.Nxf6 Ng8 23.Ne4 h6
24.Nxc5 bxc4 25.Bxc4 Rac8 26.Nxb7 Qxb7 27.Qe2 Qb4 28.Bxa6 Rb8 29.Bxe5 Re8
30.Bxg7+ Kxg7 31.Qd2 Qe4+ 32.Qd3 Qg2 33.Qc3+ f6 34.Rhe1 Rxe1 35.Rxe1  1-0

[Event "Tatran Cup"]
[Site "Stary Smokovec"]
[Date "1983.??.??"]
[Round "3"]
[White "Plachetka, Jan"]
[Black "Azmaiparashvili, Zurab"]
[Result "0-1"]
[WhiteElo "2465"]
[BlackElo "2455"]

1.d4 d6 2.e4 g6 3.Nc3 Bg7 4.Nf3 Nf6 5.Be2 O-O 6.O-O Bg4 7.Be3 Nc6 8.h3 Bxf3
9.Bxf3 e5 10.dxe5 dxe5 11.Ne2 Qe7 12.c3 Rfb8 13.b4 a5 14.b5 Nd8 15.Qa4 Ne6
16.Rfd1 h5 17.Rd2 Kh7 18.Rad1 Bh6 19.Bxh6 Kxh6 20.Nc1 Ng5 21.Qc4 Kg7 22.Nd3 Rd8
23.Ne1 Rxd2 24.Rxd2 Rd8 25.Rxd8 Qxd8 26.Qe2 Qd7 27.h4 Ne6 28.Qd3 Nc5 29.Qxd7 Nfxd7
30.Nc2 Nf6 31.Ne3 Nfxe4 32.Nd5 c6 33.bxc6 bxc6 34.Bxe4 Nxe4 35.Ne7 Nxc3 36.Nxc6 a4
37.Nb4 Kf6 38.Kf1 Kf5 39.Ke1 Kg4 40.Kd2 Nxa2 41.Nxa2 Kxh4 42.Kc2 e4 43.Nc3 e3
44.fxe3 Kg3  0-1

[Event "URS-FL"]
[Site "Tallinn"]
[Date "1983.??.??"]
[Round "?"]
[White "Korzubov, Peter"]
[Black "Lerner, Konstantin Z"]
[Result "1/2-1/2"]
[WhiteElo "2450"]
[BlackElo "2495"]

1.e4 g6 2.d4 Bg7 3.Nc3 d6 4.Bg5 Nc6 5.Bb5 Bd7 6.Nge2 a6 7.Bxc6 Bxc6 8.Qd2 h6
9.Be3 Nf6 10.f3 e6 11.O-O d5 12.e5 Ng8 13.Rfe1 Ne7 14.Ng3 Qd7 15.Nce2 b6
16.b3 Bb7 17.Rac1 O-O-O 18.a4 a5 19.c3 Kb8 20.Ra1 f6 21.exf6 Bxf6 22.Bxh6 g5
23.Bxg5 Bxg5 24.Qxg5 Rdg8 25.Qe3 Ng6 26.Nf4 Qh7 27.Nfh5 Bc8 28.b4 Qe7 29.bxa5 Qh4
30.axb6 Rxh5 31.Nxh5 Qxh5 32.Ra2 cxb6 33.Rf2 Qf5 34.f4 Rg7 35.g3 Ka7 36.Ra1 Ba6
37.Re1 Bd3 38.Qc1 Be4 39.a5 b5 40.Qa3 Qf8  1/2-1/2

[Event "DEN-ch"]
[Site "Tarnby"]
[Date "1983.??.??"]
[Round "3"]
[White "Nilsson, Nils Specht"]
[Black "Hoi, Carsten"]
[Result "1/2-1/2"]
[WhiteElo "2200"]
[BlackElo "2370"]

1.e4 g6 2.d4 d6 3.Nc3 Bg7 4.Be3 a6 5.Qd2 b5 6.a3 Bb7 7.Be2 Nd7 8.g4 Ngf6
9.f3 c5 10.d5 Ne5 11.Bh6 Bxh6 12.Qxh6 Qa5 13.Qc1 e6 14.dxe6 fxe6 15.Nh3 O-O
16.O-O Nc6 17.Qd2 Nd4 18.Rae1 Rae8 19.Bd1 Qc7 20.Ne2 Nxe2+ 21.Rxe2 Nd7 22.Ng5 Ne5
23.Ref2 d5 24.b3 Nf7 25.Nxf7 Rxf7 26.exd5 exd5 27.f4 Ref8 28.f5 gxf5 29.Rxf5 Rxf5
30.Rxf5 Rxf5 31.gxf5 d4 32.Kf1 Qe7 33.Qf4 Kg7 34.Qg3+ Kf8 35.Qb8+ Kg7 36.Qg3+ Kf8
37.Qb8+ Kf7 38.Bh5+ Kf6 39.Qf4 Qe4 40.Qh6+ Kxf5 41.Qxh7+ Kg5 42.Qxe4 Bxe4
43.Bd1 a5 44.Ke1 c4 45.bxc4 bxc4 46.Be2 c3 47.Kd1 Kh4 48.Bf1 Kg4 49.Kc1 Bg6
50.Bg2 Kf4 51.Bd5 Ke3 52.Be6 Kf4  1/2-1/2

[Event "DEN-ch"]
[Site "Tarnby"]
[Date "1983.??.??"]
[Round "9"]
[White "Iskov, Gert"]
[Black "Fries Nielsen, Jens Ove"]
[Result "1/2-1/2"]
[WhiteElo "2360"]
[BlackElo "2440"]

1.e4 g6 2.d4 Bg7 3.Nc3 d6 4.Nge2 e6 5.g3 Ne7 6.Bg2 O-O 7.O-O Nd7 8.Be3 h6
9.Qd2 Kh7 10.h3 f5 11.f3 Nf6 12.Rad1 Bd7 13.Bf2 b5 14.a3  1/2-1/2

[Event "Vrnjacka Banja"]
[Site "Vrnjacka Banja"]
[Date "1983.??.??"]
[Round "4"]
[White "Ristic, Nenad"]
[Black "Schmidt, Wlodzimierz"]
[Result "1-0"]
[WhiteElo "2365"]
[BlackElo "2450"]

1.e4 g6 2.d4 Bg7 3.Nc3 d6 4.Nf3 Nf6 5.Be2 O-O 6.O-O c6 7.h3 Nbd7 8.Bf4 Nh5
9.Bg5 Re8 10.a4 Qc7 11.Qd2 e5 12.Rfe1 Nhf6 13.Bf1 exd4 14.Nxd4 Nc5 15.f3 Nfd7
16.a5 Bxd4+ 17.Qxd4 Ne6 18.Qd2 Nxg5 19.Qxg5 Re5 20.Qd2 Nf6 21.Qd4 Ne8 22.b4 c5
23.Qd2 cxb4 24.Nd5 Qc5+ 25.Kh1 f5 26.Nxb4 fxe4 27.fxe4 Qc7 28.Nd3 Re7 29.Nf4 Re5
30.Qd4 Qg7 31.Bb5 Be6 32.Nxe6 Rxe6 33.Qd5 Nc7 34.Qxb7 Kh8 35.Rad1 Re7 36.Rxd6 Qe5
37.Rd7 Rxd7 38.Bxd7 Qxa5 39.Qb2+ Kg8 40.Rf1 Rf8 41.Qb3+ Kg7 42.Qb2+ Kg8 43.Rxf8+ Kxf8
44.Qf6+ Kg8 45.e5 Qc3 46.Kh2 Qd4 47.Bc6 a5 48.c3 Qb6 49.e6 Qb8 50.Qf7+ Kh8
51.Qf4  1-0

[Event "Augsburg"]
[Site "Augsburg"]
[Date "1984.??.??"]
[Round "?"]
[White "Beckemeier, Werner"]
[Black "Spreng, Simon"]
[Result "1-0"]
[WhiteElo "2315"]
[BlackElo "2320"]

1.e4 g6 2.d4 Bg7 3.Nc3 d6 4.f4 Nf6 5.Nf3 O-O 6.Bd3 Nc6 7.O-O Bg4 8.e5 dxe5
9.dxe5 Nd5 10.h3 Nxc3 11.bxc3 Bf5 12.Qe2 Bxd3 13.cxd3 Qd5 14.Ba3 Rad8 15.d4 f6
16.Rab1 fxe5 17.Rb5 Qd7 18.fxe5 b6 19.Ng5 Rxf1+ 20.Qxf1 e6 21.Qc4 Re8 22.Rb2 Qd5
23.Qf1 Nd8 24.Rf2 c5 25.Qb5 Qc6 26.Qa6 cxd4 27.cxd4 Qd5 28.Bd6 h6 29.Nf3 Qb7
30.Qd3 g5 31.Nd2 Nf7 32.Ne4 Nh8 33.Qf3 Rc8 34.Nf6+  1-0

[Event "Augsburg"]
[Site "Augsburg"]
[Date "1984.??.??"]
[Round "?"]
[White "Seyb, Dieter"]
[Black "Spreng, Simon"]
[Result "0-1"]
[WhiteElo "2310"]
[BlackElo "2320"]

1.e4 g6 2.d4 Bg7 3.Nc3 d6 4.f4 Nf6 5.Nf3 O-O 6.Bd3 Na6 7.O-O c5 8.d5 Rb8
9.Kh1 Bg4 10.Qe1 Nb4 11.Qh4 b5 12.a3 Nxd3 13.cxd3 e6 14.f5 exf5 15.Bg5 Bh5
16.exf5 h6 17.Bd2 b4 18.axb4 Rxb4 19.Qe1 Rxb2 20.Qc1 Rxd2 21.Nxd2 Ng4 22.Nf3 Qf6
23.Ra3 Qxf5 24.h3 Re8 25.hxg4 Bxg4 26.Nh2 Qh5 27.Qf4 f5 28.Qd2 Be5 29.g3 Bxg3
30.Ra2 Bxh2 31.Qxh2 Bf3+ 32.Kg1 Qg5+ 33.Rg2 Bxg2 34.Qxg2 Qxg2+ 35.Kxg2 Re3
36.Rf3 Rxf3 37.Kxf3 a6 38.Ne2 Kf7 39.d4 cxd4 40.Nxd4 Kf6 41.Nc6 h5 42.Nb8 a5
43.Nd7+ Ke7 44.Nb6 g5 45.Nc4 a4 46.Ne3 Kf6 47.Nc4 Kg6 48.Nxd6 a3 49.Nc4 a2
50.d6 a1=Q 51.d7 Qd1+ 52.Kf2 Kf6 53.Ne3 Qd2+ 54.Kf1 Qxd7 55.Ng2 Qd1+ 56.Ne1 Qxe1+  0-1

[Event "Belgrade"]
[Site "Belgrade"]
[Date "1984.??.??"]
[Round "?"]
[White "Govedarica, Radovan"]
[Black "Sznapik, Aleksander"]
[Result "0-1"]
[WhiteElo "2380"]
[BlackElo "2460"]

1.e4 g6 2.d4 Bg7 3.Nc3 d6 4.h4 Nf6 5.Be2 h5 6.Be3 c6 7.Nh3 Ng4 8.Bxg4 hxg4
9.Ng1 d5 10.exd5 cxd5 11.Qd2 Nc6 12.Nge2 Bf5 13.Ng3 e5 14.Bg5 Qa5 15.Nxf5 gxf5
16.dxe5 d4 17.Ne2 Qxe5 18.O-O f6 19.Bf4 Qd5 20.Rfd1 O-O-O 21.c3 d3 22.Nd4 Ne5
23.g3 Bf8 24.Bxe5 fxe5 25.Nxf5 Bc5 26.b4 Rhf8 27.Ne3 Bxe3 28.Qxe3 Kb8 29.c4 Qd4
30.Qxd4 Rxd4 31.Rac1 e4 32.a3 Rf3 33.Kg2 Rd7 34.Rd2 Kc7 35.h5 Kd6 36.Rh1 Ke5
37.h6 Rh7 38.Rh4 Kf5 39.Rd1 Kg5 40.Rdh1 Rf5 41.Rh5+ Kg6 42.Rxf5 Kxf5 43.Kf1 Ke5
44.Ke1 Kd4 45.c5 Kc3 46.Kd1 a6 47.Rh5 d2 48.Ke2 Rd7 49.Rh1 Rh7 50.Rd1 e3
51.Kxe3 Rxh6 52.Rxd2 Re6+ 53.Kf4 Kxd2 54.Kxg4 Re8 55.a4 Kc3 56.b5 Kc4 57.bxa6 bxa6
58.Kf5 Kxc5 59.f4 Kd6 60.g4 Rf8+  0-1